00920nam a2200181 a 450000100100000000500170001000800410002702000150006804000250008308200160010811100920012424500810021626002030029730000350050050400730053571000630060871000670067100001544220200929164037.0970619s1991 sp ab b 100 0 spa d a8477901082 aDO-SdBNPbspacBNPHU axxxxbS471s2 aSeminario sobre Antiguas obras hidráulicas en Americad(1993 abril 25-28 :cMéxico)10aAntiguas obras hidráulicas en America :bactas del seminario Mexico, 1988. aMadrid :bCEDEX, Centro de Estudios y Experimentación de Obras Públicas :bCentro de Estudios Históricos de Obras Públicas y Urbanísmo, Ministerio de Obras Públicas y Transportes,c1991. a548 p. :bils., maps ;c30 cm. aIncluye referencias bibliográficas y notas al pie de las páginas2 aCentro de Estudios y Experimentación de Obras Públicas2 aCentro de Estudios Históricos de Obras Pública y Urbanismo